| 000 | 00557nam a22001697a 4500 | ||
|---|---|---|---|
| 005 | 20251108164025.0 | ||
| 008 | 250721s9999 xx 000 0 ara d | ||
| 082 | 1 | 4 | _a189/طفي |
| 100 | 1 | _aإبن طفيل، أبو بكر محمد بن عبد الملك | |
| 245 | 1 | 0 | _aحي بن يقظان / |
| 264 | 1 |
_aبيروت : _bمؤسسة ناصر للثقافة، _c[19-]. |
|
| 300 | _a123ص | ||
| 490 | 0 | _aخزانة الفكر العربي : سلسلة التراث ؛ 24 | |
| 650 | 1 | 7 | _aالفلسفة الإسلامية |
| 942 |
_2ddc _cBK |
||
| 999 |
_c1698 _d1698 |
||